[Event "European Youth Chess Championship G8"]
[Site "Prague, Top Hotel Prague"]
[Date "2016.08.24"]
[Round "6.6"]
[White "Karacsonyi, Luca"]
[Black "Plamenova, Radkova Valentina"]
[Result "0-1"]
[WhiteElo "1096"]
[BlackElo "1361"]
[PlyCount "118"]
[EventDate "2016.08.18"]

1. e4 c5 2. c3 d5 3. exd5 Qxd5 4. d4 cxd4 5. cxd4 Nc6 6. Nf3 e5 7. dxe5 Qxd1+
8. Kxd1 Bg4 9. Be2 O-O-O+ 10. Bd2 Bc5 11. Ke1 Bxf3 12. Bxf3 Nxe5 13. Bc3 Nxf3+
14. gxf3 Bd4 15. Rg1 g6 16. Bxd4 Rxd4 17. Nc3 Nf6 18. Nb5 Rd5 19. Nc3 Re8+ 20.
Kf1 Rd2 21. Rc1 Kb8 22. b3 Rc8 23. Kg2 Nh5 24. a3 Nf4+ 25. Kg3 Rxc3 26. Kxf4
Rxb3 27. Rg2 Rxa3 28. Re1 Rd4+ 29. Kg3 a5 30. Re7 Rb3 31. Rg1 a4 32. Ra1 a3 33.
Rxf7 Ra4 34. Re7 a2 35. Re2 Rb1 36. Raxa2 Rxa2 37. Rxa2 b5 38. Kf4 Kb7 39. Ke3
Rd1 40. Rb2 Kb6 41. f4 Re1+ 42. Kf3 h5 43. Kg3 Re4 44. Kh4 Rxf4+ 45. Kg5 Rg4+
46. Kh6 Rg2 47. h4 Rg4 48. Rb3 Rxh4 49. Kxg6 Kc5 50. Rf3 b4 51. Rf5+ Kc4 52.
Rxh5 Rxh5 53. Kxh5 b3 54. f4 b2 55. f5 b1=Q 56. Kg5 Qg1+ 57. Kf6 Qg8 58. Ke7
Kd5 59. f6 Qe6+ 0-1

[Event "European Youth Chess Championship G8"]
[Site "Prague, Top Hotel Prague"]
[Date "2016.08.24"]
[Round "6.8"]
[White "Kirov, Vanessa"]
[Black "Gkoutzouki, Aikaterini Argyro"]
[Result "0-1"]
[WhiteElo "1420"]
[BlackElo "1190"]
[PlyCount "46"]
[EventDate "2016.08.18"]

1. d4 Nf6 2. Nf3 e6 3. Bf4 c5 4. e3 Qb6 5. Nc3 cxd4 6. exd4 Bb4 7. Bd2 Bxc3 8.
Bxc3 Ne4 9. Bd3 Nxc3 10. bxc3 O-O 11. O-O Nc6 12. Qe2 Qc7 13. Bxh7+ Kh8 14. Ng5
g6 15. h4 Qf4 16. g3 Qf5 17. g4 Qf4 18. Nh3 Qh6 19. Ng5 Qxh4 20. Nxf7+ Rxf7 21.
Bxg6 Rg7 22. Qe4 e5 23. Qf3 Rxg6 0-1

[Event "European Youth Chess Championship G8"]
[Site "Prague, Top Hotel Prague"]
[Date "2016.08.25"]
[Round "7.1"]
[White "Maria, Lia-Alexandra"]
[Black "Shvedova, Alexandra"]
[Result "0-1"]
[WhiteElo "1356"]
[BlackElo "1485"]
[PlyCount "70"]
[EventDate "2016.08.18"]

1. e4 e5 2. Nf3 Nc6 3. Bb5 Nf6 4. O-O Nxe4 5. Bxc6 bxc6 6. Nxe5 Be7 7. d3 Nf6
8. Nc3 O-O 9. Bd2 Bb7 10. Ng4 d5 11. Ne5 Nd7 12. Nf3 c5 13. Re1 f5 14. Qe2 Rf7
15. Qe6 Nf8 16. Qe2 Bf6 17. Qf1 f4 18. Nd1 g5 19. Ne5 Bxe5 20. Rxe5 Ng6 21. Re1
f3 22. g3 Bc8 23. Re3 d4 24. Re4 Bf5 25. Re1 Qd7 26. Re4 Bxe4 27. dxe4 Re8 28.
Bxg5 Rxe4 29. b3 Re2 30. Rc1 Qf5 31. Bh6 Qh5 32. Bf4 Nxf4 33. gxf4 Qg4+ 34. Kh1
Re1 35. Qxe1 Qg2# 0-1

[Event "European Youth Chess Championship G8"]
[Site "Prague, Top Hotel Prague"]
[Date "2016.08.25"]
[Round "7.2"]
[White "Vlasova, Olesia"]
[Black "Mikhailina, Olga"]
[Result "1/2-1/2"]
[WhiteElo "1301"]
[BlackElo "1262"]
[PlyCount "128"]
[EventDate "2016.08.18"]

1. e4 e5 2. Nf3 Nf6 3. Nxe5 d6 4. Nf3 Nxe4 5. d4 d5 6. Bd3 Be7 7. O-O Nc6 8. c4
Nb4 9. Be2 dxc4 10. Bxc4 O-O 11. Re1 Nd6 12. Bf1 Bf5 13. Na3 Re8 14. Bd2 Nd5
15. Rc1 c6 16. Nc4 Ne4 17. Ba5 b6 18. Bd3 Ndf6 19. Bc3 c5 20. Nh4 Nxc3 21. bxc3
Bxd3 22. Qxd3 Ng4 23. Nf5 Bg5 24. Rxe8+ Qxe8 25. Rd1 Nh6 26. Qg3 Nxf5 27. Qxg5
Qe2 28. Rb1 Qxa2 29. Qxf5 Qxc4 30. Qe4 Rf8 31. Qe3 cxd4 32. cxd4 b5 33. d5 Qxd5
34. Qxa7 Qd3 35. Qa2 Qc4 36. Qxc4 bxc4 37. Rc1 Rc8 38. Kf1 Kf8 39. Ke2 Ke7 40.
Ke3 Kd6 41. Kd4 Re8 42. Rc2 Rc8 43. Rxc4 Rxc4+ 44. Kxc4 Ke5 45. Kc5 h6 46. Kc6
Ke6 47. Kc7 Ke7 48. Kc6 Ke6 49. Kc7 f5 50. Kd8 Kf7 51. Kd7 g6 52. Kd6 Kf6 53.
Kd5 g5 54. Kd6 h5 55. Kd5 h4 56. h3 g4 57. hxg4 fxg4 58. Ke4 h3 59. gxh3 gxh3
60. Kf3 Kf5 61. Kg3 Ke4 62. f4 h2 63. Kxh2 Kxf4 64. Kg2 Ke5 1/2-1/2

[Event "European Youth Chess Championship G8"]
[Site "Prague, Top Hotel Prague"]
[Date "2016.08.25"]
[Round "7.3"]
[White "Plamenova, Radkova Valentina"]
[Black "Bellahcene, Jena"]
[Result "0-1"]
[WhiteElo "1361"]
[BlackElo "1177"]
[PlyCount "130"]
[EventDate "2016.08.18"]

1. d4 d5 2. Bf4 e6 3. e3 f5 4. c3 c6 5. h3 Nf6 6. Bd3 Be7 7. Nf3 Ne4 8. O-O Nd7
9. Nbd2 O-O 10. Ne5 g5 11. Bh2 a6 12. Nxd7 Bxd7 13. Nf3 f4 14. exf4 gxf4 15.
Re1 Ng5 16. Nxg5 Bxg5 17. Qh5 Qe7 18. Re5 Bf6 19. Re2 Qf7 20. Qg4+ Bg7 21. Re5
Kh8 22. Rh5 h6 23. a3 e5 24. Qe2 e4 25. Rh4 exd3 26. Qxd3 f3 27. Rf4 Qh5 28.
Rxf8+ Rxf8 29. Re1 fxg2 30. Kxg2 Qh4 31. Rf1 Qg5+ 32. Bg3 h5 33. f4 Qf5 34.
Qxf5 Bxf5 35. Re1 Be4+ 36. Kf2 Bh6 37. Ke3 h4 38. Bh2 Rg8 39. Re2 Kg7 40. b3
Kf7 41. c4 Ke6 42. c5 Kd7 43. Kd2 Kc7 44. Kc3 b6 45. f5+ Kb7 46. f6 Rf8 47. Be5
bxc5 48. dxc5 Bf5 49. Rh2 Bg5 50. Rf2 Be6 51. Bd6 Bxf6+ 52. Kd3 Rf7 53. b4 Bg5
54. Rxf7+ Bxf7 55. a4 Be6 56. b5 cxb5 57. axb5 axb5 58. Kc3 Kc6 59. Kc2 Bxh3
60. Kc3 Bf5 61. Bf8 h3 62. Bd6 Be3 63. Bh2 Kxc5 64. Bg3 d4+ 65. Kb3 d3 0-1

[Event "European Youth Chess Championship G8"]
[Site "Prague, Top Hotel Prague"]
[Date "2016.08.26"]
[Round "8.2"]
[White "Bellahcene, Jena"]
[Black "Vlasova, Olesia"]
[Result "0-1"]
[WhiteElo "1177"]
[BlackElo "1301"]
[PlyCount "158"]
[EventDate "2016.08.18"]

1. e4 c5 2. Nf3 e6 3. c4 Nc6 4. Nc3 Nf6 5. Be2 Be7 6. a3 O-O 7. d4 cxd4 8. Nxd4
Qb6 9. Nf3 d6 10. O-O Bd7 11. b3 a6 12. Be3 Qc7 13. h3 Rac8 14. Qd2 Na5 15. Qb2
b5 16. Rad1 bxc4 17. bxc4 Nxc4 18. Bxc4 Qxc4 19. Rc1 Nxe4 20. Ne2 Qb5 21. Qa2
Rxc1 22. Rxc1 Rc8 23. Rb1 Qa4 24. Rb4 Qd1+ 25. Kh2 d5 26. Rb1 Qa4 27. Ne5 Bd6
28. f4 Rc2 29. Rb2 Rxb2 30. Qxb2 Qb5 31. Qc2 Bxe5 32. fxe5 Qc6 33. Qb2 Qc7 34.
Bd4 Bb5 35. Nf4 Kf8 36. Qb4+ Qe7 37. Qb2 f6 38. Qc1 fxe5 39. Bxe5 Kf7 40. Qe3
Qg5 41. Qa7+ Qe7 42. Qe3 Qd7 43. Qf3 Nf6 44. Nh5 Qe7 45. Qf4 Kg6 46. Ng3 Qxa3
47. h4 Kf7 48. Nh5 Qe7 49. Ng3 a5 50. Bb2 a4 51. Nf1 Bxf1 52. Qxf1 Qb4 53. Qa1
Qxh4+ 54. Kg1 Qb4 55. Qa2 Ne4 56. Qa1 Nf6 57. Qa2 Kg6 58. Qb1+ Ne4 59. Qa1 Nf6
60. Qb1+ Kf7 61. Qa1 Ke8 62. Qa2 Kd7 63. Qa1 Kc6 64. Qc1+ Qc5+ 65. Qxc5+ Kxc5
66. Kf1 Kc4 67. Ke2 Kb3 68. Bc1 a3 69. Ke3 a2 70. Kf4 a1=Q 71. Be3 d4 72. Bd2
d3 73. Ke3 Kc2 74. g3 Ng4+ 75. Kf4 Kxd2 76. Kxg4 Ke3 77. Kh4 Qf6+ 78. Kg4 Qg6+
79. Kh3 Kf3 0-1

[Event "European Youth Chess Championship G8"]
[Site "Prague, Top Hotel Prague"]
[Date "2016.08.26"]
[Round "8.3"]
[White "Mikhailina, Olga"]
[Black "Gkoutzouki, Aikaterini Argyro"]
[Result "0-1"]
[WhiteElo "1262"]
[BlackElo "1190"]
[PlyCount "168"]
[EventDate "2016.08.18"]

1. e4 c5 2. Nc3 Nc6 3. g3 Nf6 4. Bg2 e6 5. Nge2 Bd6 6. d3 a6 7. f4 e5 8. f5 Nd4
9. Nxd4 cxd4 10. Ne2 Bc7 11. Bd2 b5 12. c3 dxc3 13. bxc3 Bb7 14. Be3 Ng4 15.
Qd2 Nf6 16. O-O Ng4 17. Kh1 d5 18. h3 Nxe3 19. Qxe3 d4 20. cxd4 exd4 21. Qxd4
Qxd4 22. Nxd4 Rd8 23. Rac1 Bxg3 24. Rf3 Be5 25. Nb3 O-O 26. Nc5 Rc8 27. Rff1
Rc7 28. Nxb7 Rxb7 29. Rc6 Ra7 30. Rfc1 Raa8 31. R1c5 Bf6 32. Rd5 h6 33. e5 Bg5
34. d4 Rac8 35. Rxa6 Rc1+ 36. Bf1 Rxf1+ 37. Kg2 Rxf5 38. Rxb5 Rd8 39. Rb4 Be3
40. Rd6 Rxd6 41. exd6 Rd5 42. Rb6 Bxd4 43. Rc6 Be5 44. a4 Rxd6 45. Rc5 Bf6 46.
Rc8+ Rd8 47. Rc5 Ra8 48. Rc4 g5 49. Kf3 Kg7 50. Ke4 Ra5 51. Kd3 Be7 52. Kc3 Rc5
53. Rxc5 Bxc5 54. Kc4 Bb6 55. Kb5 Bd8 56. Kc5 Kf6 57. Kd4 Kf5 58. Ke3 Bb6+ 59.
Kf3 h5 60. Kg3 Ke5 61. Kf3 f5 62. Kg3 f4+ 63. Kf3 Kf5 64. Ke2 Ke4 65. Ke1 Bd8
66. Kf2 Bc7 67. Ke2 g4 68. hxg4 hxg4 69. Kf2 g3+ 70. Kf1 f3 71. Kg1 f2+ 72. Kg2
Ke3 73. a5 Bxa5 74. Kf1 Kd2 75. Kg2 Ke2 76. Kxg3 f1=Q 77. Kg4 Qf2 78. Kg5 Qf3
79. Kg6 Qf4 80. Kg7 Qf5 81. Kg8 Qf6 82. Kh7 Qg5 83. Kh8 Bc3+ 84. Kh7 Qg7# 0-1

[Event "European Youth Chess Championship G8"]
[Site "Prague, Top Hotel Prague"]
[Date "2016.08.26"]
[Round "8.12"]
[White "Barranco, Lopez Alba"]
[Black "Ider, Ariuna"]
[Result "0-1"]
[WhiteElo "1032"]
[BlackElo "1116"]
[PlyCount "100"]
[EventDate "2016.08.18"]

1. d4 d5 2. Bf4 Nf6 3. e3 Bf5 4. Nf3 e6 5. Nc3 c5 6. Bb5+ Nc6 7. O-O Be7 8. Nh4
Bg6 9. Nxg6 hxg6 10. Rb1 O-O 11. a3 Nh5 12. Be5 f6 13. Bf4 Nxf4 14. exf4 Nxd4
15. Bd3 f5 16. Ne2 Qd6 17. Nxd4 cxd4 18. Qf3 Bd8 19. Rfe1 Bc7 20. g3 Rae8 21.
Bb5 Rc8 22. Re2 Qc5 23. Bd3 Rce8 24. Rbe1 Qd6 25. Bb5 Re7 26. c4 dxc3 27. bxc3
a6 28. Bd3 Rfe8 29. c4 Qxa3 30. cxd5 exd5 31. Rxe7 Rxe7 32. Rxe7 Qxe7 33. Qxd5+
Kh7 34. Qxb7 a5 35. Qa7 Qd6 36. Bc2 Bb6 37. Qa6 Qc5 38. Ba4 Qd6 39. h4 Bxf2+
40. Kxf2 Qxa6 41. Kf3 Qc4 42. Bd1 Qd3+ 43. Kf2 Qxd1 44. Kg2 a4 45. Kf2 a3 46.
Kg2 a2 47. g4 a1=Q 48. Kg3 Qb2 49. gxf5 gxf5 50. h5 Qg4# 0-1

[Event "European Youth Chess Championship G8"]
[Site "Prague, Top Hotel Prague"]
[Date "2016.08.27"]
[Round "9.1"]
[White "Gkoutzouki, Aikaterini Argyro"]
[Black "Shvedova, Alexandra"]
[Result "0-1"]
[WhiteElo "1190"]
[BlackElo "1485"]
[PlyCount "96"]
[EventDate "2016.08.18"]

1. b3 d5 2. Bb2 Nf6 3. e3 Bf5 4. Nf3 g6 5. Be2 Bg7 6. O-O O-O 7. h3 h6 8. d3 g5
9. g4 Bg6 10. Nbd2 c5 11. Rc1 Nc6 12. Re1 d4 13. exd4 cxd4 14. Bf1 Nd5 15. Bg2
Nf4 16. h4 Qd7 17. Kh1 Qxg4 18. Rg1 Qh5 19. Nh2 Qxh4 20. Bf3 Nh3 21. Rf1 Nxf2+
22. Rxf2 Qxf2 23. Ng4 Qg3 24. Qg1 Qxg1+ 25. Rxg1 h5 26. Nh2 g4 27. Be4 Bxe4+
28. Nxe4 f5 29. Ng5 Nd8 30. Ba3 Bf6 31. Ngf3 Kh7 32. Nd2 h4 33. Nc4 Nc6 34. Bb2
Rg8 35. Ba3 b5 36. Nd2 Rg7 37. Ndf1 Rag8 38. Bc5 g3 39. Nf3 g2+ 40. Kh2 gxf1=Q
41. Rxf1 Rg2+ 42. Kh1 Rxc2 43. a3 Rxc5 44. b4 Rc2 45. Re1 Rg3 46. Nh2 Rh3 47.
Kg1 Rhxh2 48. Kf1 Rh1# 0-1

[Event "European Youth Chess Championship G10"]
[Site "?"]
[Date "2016.08.18"]
[Round "1.1"]
[White "Zvereva, Margarita"]
[Black "Anchikova, Olga"]
[Result "1-0"]
[WhiteElo "1930"]
[BlackElo "1283"]
[PlyCount "73"]
[EventDate "2016.??.??"]

1. e4 e6 2. d4 d5 3. Nc3 Nf6 4. e5 Nfd7 5. f4 c5 6. Nf3 Nc6 7. Be3 Qb6 8. Be2
Qxb2 9. Nb5 Rb8 10. a3 a6 11. Rb1 Qa2 12. Qc1 c4 13. Ra1 Qxa1 14. Nc7+ Kd8 15.
Nxe6+ fxe6 16. Qxa1 h6 17. Nh4 Ne7 18. Bg4 Nb6 19. Bd2 Nc6 20. Ng6 Rg8 21. O-O
Bd7 22. Nxf8 Rxf8 23. Bb4 Nxb4 24. axb4 Kc7 25. Qa5 Rbe8 26. Bh5 Rd8 27. Qc5+
Bc6 28. Qe7+ Kb8 29. Qxe6 Bd7 30. Qxb6 Bf5 31. c3 Bd3 32. Ra1 Ka8 33. b5 a5 34.
Qxa5+ Kb8 35. b6 Kc8 36. Qc5+ Kb8 37. Qc7# 1-0

[Event "European Youth Chess Championship G10"]
[Site "?"]
[Date "2016.08.18"]
[Round "1.2"]
[White "Poliato, Irina"]
[Black "Gaal, Zsoka"]
[Result "0-1"]
[WhiteElo "1280"]
[BlackElo "1792"]
[PlyCount "74"]
[EventDate "2016.??.??"]

1. d4 d5 2. c4 c6 3. Nc3 Nf6 4. Nf3 g6 5. Bg5 Bg7 6. e3 O-O 7. cxd5 cxd5 8. Bd3
Nc6 9. O-O h6 10. Bxf6 Bxf6 11. Qb3 e6 12. a3 Bd7 13. Rfc1 Na5 14. Qa2 Rc8 15.
Rab1 Qe7 16. Nd2 a6 17. b4 Nc6 18. Nb3 Rb8 19. Nc5 Rfc8 20. N3a4 b5 21. Nxd7
Qxd7 22. Nc5 Qa7 23. a4 bxa4 24. Qxa4 a5 25. bxa5 Rxb1 26. Rxb1 Qxa5 27. Qxa5
Nxa5 28. Ra1 Rxc5 29. dxc5 Bxa1 30. Bb5 Be5 31. Kf1 Kg7 32. Ke2 Nb3 33. c6 Kf6
34. Kd3 Nc5+ 35. Kc2 Bc7 36. Kc3 Ke5 37. Kb4 Kd6 0-1

[Event "European Youth Chess Championship G10"]
[Site "?"]
[Date "2016.08.18"]
[Round "1.3"]
[White "Nadzamova, Viktoria"]
[Black "Trgovac, Marta"]
[Result "1-0"]
[WhiteElo "1694"]
[BlackElo "1277"]
[PlyCount "97"]
[EventDate "2016.??.??"]

1. e4 c5 2. Nf3 d6 3. d4 cxd4 4. Nxd4 Nf6 5. Nc3 a6 6. f3 e6 7. Be3 Be7 8. Qd2
O-O 9. g4 b5 10. a3 Bb7 11. g5 Nfd7 12. h4 Ne5 13. O-O-O d5 14. exd5 Bxd5 15.
Nxd5 Qxd5 16. Rh3 Nbc6 17. f4 Nxd4 18. Bxd4 Nf3 19. Qg2 Nxd4 20. Qxd5 exd5 21.
Rxd4 Bd6 22. Bg2 Rac8 23. Bxd5 Rfd8 24. Rhd3 Rc7 25. f5 Rdc8 26. c3 Bc5 27. Re4
a5 28. g6 Re7 29. gxf7+ Kf8 30. Be6 Rb8 31. Rg3 Bd6 32. Rgg4 Rbb7 33. f6 Rxf7
34. Bxf7 Rxf7 35. fxg7+ Rxg7 36. Rxg7 Kxg7 37. Rd4 Bc5 38. Rd5 Be3+ 39. Kc2 Bb6
40. Rxb5 Bd8 41. h5 Kh6 42. Rd5 Bc7 43. c4 a4 44. c5 Bf4 45. c6 Bg3 46. Rd7
Kxh5 47. c7 Bxc7 48. Rxh7+ Kg5 49. Rxc7 1-0

[Event "European Youth Chess Championship G10"]
[Site "?"]
[Date "2016.08.18"]
[Round "1.4"]
[White "Dubovik, Maria"]
[Black "Cherepanova, Evita"]
[Result "0-1"]
[WhiteElo "1274"]
[BlackElo "1675"]
[PlyCount "101"]
[EventDate "2016.??.??"]

1. d4 d5 2. c4 c6 3. e3 Nf6 4. Nf3 Bf5 5. Qb3 Qc7 6. Nc3 e6 7. Be2 Be7 8. Bd2
h6 9. Rc1 dxc4 10. Bxc4 O-O 11. O-O Nbd7 12. Rfe1 Ne4 13. Be2 Qb6 14. Qxb6 Nxb6
15. g4 Nxc3 16. gxf5 Nxe2+ 17. Rxe2 exf5 18. Kh1 Kh7 19. Rg1 Nc4 20. Bc3 Bf6
21. Ne5 Bxe5 22. dxe5 Rfe8 23. f4 Rad8 24. e6 f6 25. Reg2 Rg8 26. e7 Rde8 27.
Rg6 Rxe7 28. Bxf6 Rf7 29. Bd4 Rc7 30. R6g3 c5 31. Bf6 Rf7 32. Bc3 b5 33. b3 Nd6
34. Be5 Ne4 35. R3g2 g6 36. h4 a6 37. h5 g5 38. fxg5 hxg5 39. Bf4 g4 40. Be5
Rd8 41. Rf1 Ng5 42. e4 fxe4 43. Bf6 Rdf8 44. Rxg4 Ne6 45. Rg6 e3 46. Kg2 e2 47.
Re1 Rxf6 48. Rxf6 Rxf6 49. Kg3 Nd4 50. Kg2 Rf5 51. Rc1 0-1

[Event "European Youth Chess Championship G10"]
[Site "?"]
[Date "2016.08.18"]
[Round "1.5"]
[White "Bashylina, Luisa"]
[Black "Cassanelli, Emma"]
[Result "1-0"]
[WhiteElo "1664"]
[BlackElo "1273"]
[PlyCount "85"]
[EventDate "2016.??.??"]

1. e4 e5 2. Nf3 Nc6 3. d4 exd4 4. Nxd4 Bc5 5. Be3 Qf6 6. c3 Nge7 7. Bc4 Ne5 8.
Be2 Qg6 9. O-O O-O 10. Nd2 d6 11. Bh5 Bg4 12. Bxg6 Bxd1 13. Bxh7+ Kxh7 14.
Raxd1 c6 15. h3 Bb6 16. f4 Nd3 17. b3 d5 18. e5 g6 19. N2f3 Nc5 20. Ng5+ Kg8
21. Kh1 Na6 22. Rfe1 Rfe8 23. Nc2 Nf5 24. Bxb6 axb6 25. Nd4 Nc5 26. Nxf5 gxf5
27. Rd2 f6 28. Nf3 Ne4 29. Rc2 fxe5 30. Nxe5 Rad8 31. Rd1 c5 32. Kg1 d4 33.
cxd4 cxd4 34. Rc7 Nc3 35. Rd2 Ne4 36. Rd3 Nc5 37. Rg3+ Kh8 38. Nf7+ Kh7 39.
Nxd8+ Kh8 40. Nf7+ Kh7 41. Nd6+ Kh6 42. Nxf5+ Kh5 43. Rh7# 1-0

[Event "European Youth Chess Championship G10"]
[Site "?"]
[Date "2016.08.18"]
[Round "1.6"]
[White "Malinowska, Natalia"]
[Black "Lomakina, Anzhelika"]
[Result "1/2-1/2"]
[WhiteElo "1272"]
[BlackElo "1654"]
[PlyCount "84"]
[EventDate "2016.??.??"]

1. e4 e5 2. Nf3 Nc6 3. d4 exd4 4. Bc4 Bc5 5. c3 Nf6 6. cxd4 Bb4+ 7. Bd2 Bxd2+
8. Nbxd2 d5 9. exd5 Nxd5 10. Qb3 Na5 11. Qa4+ Nc6 12. Qb3 Nce7 13. O-O O-O 14.
Rac1 Nb6 15. Bd3 Bf5 16. Ne4 Ng6 17. Qc2 c6 18. Nf6+ Qxf6 19. Bxf5 Rad8 20.
Rcd1 Nd5 21. Rfe1 Rfe8 22. Bxg6 fxg6 23. Ne5 g5 24. Qb3 Re7 25. Rd3 g4 26. Rf1
Qe6 27. Rg3 Nf6 28. Nxg4 Nxg4 29. Qxe6+ Rxe6 30. Rxg4 Red6 31. Rd1 c5 32. f3
cxd4 33. Kf1 Kf8 34. Re4 Rd5 35. Ke2 b5 36. Rc1 a5 37. Rc7 h6 38. Kd3 g5 39.
Ree7 R5d6 40. Rf7+ Kg8 41. Rg7+ Kh8 42. Rh7+ Kg8 1/2-1/2

[Event "European Youth Chess Championship G10"]
[Site "Prague, Top Hotel Prague"]
[Date "2016.08.18"]
[Round "1.7"]
[White "Starosta, Martyna"]
[Black "Kuczynska, Katarzyna"]
[Result "1-0"]
[WhiteElo "1624"]
[BlackElo "1266"]
[PlyCount "79"]
[EventDate "2016.08.18"]

1. e4 c5 2. c3 d6 3. d4 cxd4 4. cxd4 Nf6 5. Nc3 e6 6. Nf3 Be7 7. Bb5+ Nc6 8. d5
exd5 9. exd5 a6 10. Qa4 Rb8 11. dxc6 axb5 12. Qa7 Bf5 13. Nd4 Bg6 14. Ncxb5 Nd5
15. cxb7 O-O 16. O-O Qd7 17. Qa3 Rxb7 18. Nc3 Nxc3 19. bxc3 Rfb8 20. Be3 d5 21.
Qc1 h6 22. a4 Bd3 23. Re1 Rb1 24. Qd2 Qb7 25. Qxd3 Rxa1 26. Rxa1 Qb2 27. Rf1
Bf6 28. a5 Bd8 29. Nc6 Ra8 30. Nxd8 Rxd8 31. a6 Qa3 32. a7 g6 33. Rb1 Qd6 34.
h3 Kh7 35. Rb6 Qc7 36. Qa6 Ra8 37. Rb7 Qd8 38. Rxf7+ Kg8 39. Qxg6+ Kh8 40. Qh7#
1-0

[Event "European Youth Chess Championship G10"]
[Site "Prague, Top Hotel Prague"]
[Date "2016.08.18"]
[Round "1.8"]
[White "Spada, Vittoria"]
[Black "Nguyen, Phuong Thao Vivien"]
[Result "0-1"]
[WhiteElo "1241"]
[BlackElo "1578"]
[PlyCount "132"]
[EventDate "2016.08.18"]

1. d4 Nf6 2. Nf3 g6 3. c4 Bg7 4. Nc3 O-O 5. e3 d6 6. Bd3 Nbd7 7. O-O e5 8. dxe5
dxe5 9. Ne4 Qe7 10. b3 Nxe4 11. Bxe4 Nc5 12. Ba3 f5 13. Bc2 Rd8 14. Bxc5 Rxd1
15. Bxe7 Rd7 16. Bb4 e4 17. Rad1 exf3 18. Rxd7 Bxd7 19. gxf3 Bc6 20. e4 a5 21.
Be7 Re8 22. Bh4 fxe4 23. fxe4 Bxe4 24. Bxe4 Rxe4 25. Bg3 Re2 26. a4 Rb2 27.
Bxc7 Rxb3 28. Bxa5 Ra3 29. Rb1 Rxa4 30. Bd2 Ra1 31. Rxa1 Bxa1 32. Kf1 Kf7 33.
Ke1 Ke6 34. Ke2 Kd6 35. Kd3 Kc5 36. Bc3 Bxc3 37. Kxc3 g5 38. Kd3 Kb4 39. Kd4 b6
40. Kd5 g4 41. Kd4 h5 42. Kd5 Kc3 43. Ke5 Kxc4 44. Kf5 b5 45. Kg5 b4 46. Kxh5
b3 47. Kxg4 b2 48. f4 b1=Q 49. h4 Kd5 50. h5 Ke6 51. f5+ Kf6 52. Kf4 Qxf5+ 53.
Ke3 Qxh5 54. Kd4 Qe5+ 55. Kd3 Ke6 56. Kc4 Qd5+ 57. Kc3 Kd6 58. Kb4 Qc5+ 59. Kb3
Kd5 60. Ka4 Kd4 61. Kb3 Qc4+ 62. Ka3 Kd3 63. Kb2 Qc3+ 64. Ka2 Qb4 65. Ka1 Kc2
66. Ka2 Qb2# 0-1

[Event "European Youth Chess Championship G10"]
[Site "Prague, Top Hotel Prague"]
[Date "2016.08.18"]
[Round "1.9"]
[White "Karacsonyi, Kata"]
[Black "Levchenko, Marina"]
[Result "1-0"]
[WhiteElo "1544"]
[BlackElo "1240"]
[PlyCount "51"]
[EventDate "2016.08.18"]

1. e4 e5 2. Nf3 Nc6 3. c3 Nf6 4. d4 d6 5. d5 Ne7 6. Bg5 Nxe4 7. Qa4+ Bd7 8.
Qxe4 f6 9. Bc1 Bf5 10. Qa4+ c6 11. c4 Qd7 12. Nc3 Qc7 13. b4 Bd7 14. Qb3 Ng6
15. Be3 Be7 16. c5 h6 17. Rd1 f5 18. dxc6 Qxc6 19. b5 Qc7 20. Bc4 Rf8 21. b6
axb6 22. Nb5 Bxb5 23. Bxb5+ Kd8 24. cxd6 Bxd6 25. Qe6 Nh8 26. Rxd6+ 1-0

[Event "European Youth Chess Championship G10"]
[Site "Prague, Top Hotel Prague"]
[Date "2016.08.18"]
[Round "1.10"]
[White "Katter, Marlene"]
[Black "Karaivanova, Petya"]
[Result "0-1"]
[WhiteElo "1235"]
[BlackElo "1534"]
[PlyCount "136"]
[EventDate "2016.08.18"]

1. e4 e5 2. Nf3 Nc6 3. d4 exd4 4. Nxd4 Qh4 5. Nc3 Bb4 6. Ndb5 Qxe4+ 7. Be2
Bxc3+ 8. bxc3 Kd8 9. O-O Nf6 10. Ba3 a6 11. Nd4 Nxd4 12. cxd4 d6 13. Rb1 Qe7
14. Re1 Re8 15. Qd3 h6 16. Kf1 Qe4 17. Qxe4 Nxe4 18. Rb2 Nd2+ 19. Kg1 Nc4 20.
Rb3 Nxa3 21. Rxa3 Bd7 22. Kf1 Re6 23. Rf3 f6 24. Rb3 Bc6 25. Rd1 Bxg2+ 26. Kxg2
Rxe2 27. Rg3 Re7 28. Kf3 Ke8 29. a4 Kf7 30. Rdg1 Kf8 31. c4 c6 32. a5 Rb8 33.
h4 b5 34. Rb1 Rbb7 35. cxb5 Rxb5 36. Rc1 c5 37. dxc5 dxc5 38. Ra1 Rb3+ 39. Kg2
Rxg3+ 40. fxg3 Ke8 41. Rc1 Re5 42. Kf3 Kd7 43. Kf4 Kc6 44. g4 Kb5 45. g5 hxg5+
46. hxg5 Rxg5 47. Ke4 Re5+ 48. Kf4 c4 49. Rc3 Kb4 50. Rc1 c3 51. Kf3 Kb3 52.
Kf2 Kb2 53. Rg1 c2 54. Rxg7 c1=Q 55. Rb7+ Rb5 56. Rxb5+ axb5 57. a6 Qf4+ 58.
Ke2 Kc2 59. a7 Qe4+ 60. Kf2 Kd2 61. Kg3 Ke2 62. a8=Q Qxa8 63. Kh4 Qg2 64. Kh5
Kf3 65. Kh6 Kf4 66. Kh7 Kf5 67. Kh8 Kg6 68. Kg8 Qa8# 0-1

[Event "European Youth Chess Championship G10"]
[Site "Prague, Top Hotel Prague"]
[Date "2016.08.18"]
[Round "1.11"]
[White "Shuqja, Klean"]
[Black "Portero, Bravo Aitana"]
[Result "1-0"]
[WhiteElo "1513"]
[BlackElo "1228"]
[PlyCount "111"]
[EventDate "2016.08.18"]

1. e4 c5 2. Nf3 Nc6 3. d4 cxd4 4. Nxd4 g6 5. Nc3 Bg7 6. Nb3 Nf6 7. Be2 O-O 8.
O-O d6 9. Re1 Be6 10. Bf1 d5 11. exd5 Nxd5 12. Nxd5 Qxd5 13. Qxd5 Bxd5 14. Nc5
b6 15. Nb3 h6 16. c3 Bxb3 17. axb3 e6 18. Be3 Rfd8 19. g3 Rac8 20. Bg2 Rd7 21.
Red1 Rxd1+ 22. Rxd1 Ne5 23. Bf4 a5 24. Rd6 Rb8 25. Be3 b5 26. f4 Ng4 27. Rb6
Rxb6 28. Bxb6 b4 29. Bxa5 bxc3 30. bxc3 Ne3 31. Bf3 Nd5 32. Bxd5 exd5 33. Kf2
Kf8 34. Ke3 Ke7 35. Kd3 Kd6 36. Bb6 Kc6 37. Bd4 Bxd4 38. Kxd4 f6 39. c4 dxc4
40. bxc4 h5 41. h3 Kd6 42. g4 h4 43. f5 g5 44. c5+ Kc6 45. Kc4 Kc7 46. Kd5 Kd7
47. c6+ Kc7 48. Ke6 Kxc6 49. Kxf6 Kd7 50. Kg7 Kd6 51. f6 Ke5 52. f7 Kf4 53.
f8=Q+ Kg3 54. Qa3+ Kh2 55. Kg6 Kg2 56. Kxg5 1-0

[Event "European Youth Chess Championship G10"]
[Site "Prague, Top Hotel Prague"]
[Date "2016.08.18"]
[Round "1.12"]
[White "Vavrinkova, Marie"]
[Black "Melenchuk, Olga"]
[Result "0-1"]
[WhiteElo "1214"]
[BlackElo "1507"]
[PlyCount "76"]
[EventDate "2016.08.18"]

1. e4 e5 2. Nf3 Nc6 3. Bb5 Nf6 4. O-O Nxe4 5. d4 Nd6 6. Bxc6 dxc6 7. dxe5 Nf5
8. Qxd8+ Kxd8 9. Bg5+ Ke8 10. Rd1 Be6 11. Nc3 h6 12. Bd2 Rd8 13. Ne4 Be7 14.
Bc3 b6 15. Rxd8+ Kxd8 16. Nd4 Nxd4 17. Bxd4 Bf5 18. Re1 Kc8 19. c3 c5 20. Ng3
Be6 21. Be3 Rd8 22. a3 Bb3 23. Nf5 Bf8 24. h3 Bc2 25. Ng3 Rd1 26. Rxd1 Bxd1 27.
Kf1 Kd7 28. Ke1 Bb3 29. Kd2 Ke6 30. f4 Bd5 31. Kd3 Bxg2 32. h4 Be7 33. Nh5 g6
34. Ng7+ Kd7 35. f5 h5 36. fxg6 fxg6 37. Bf2 Bf8 38. Nxh5 gxh5 0-1

[Event "European Youth Chess Championship G10"]
[Site "Prague, Top Hotel Prague"]
[Date "2016.08.18"]
[Round "1.13"]
[White "Butenandt, Svenja"]
[Black "Kucharska, Helena"]
[Result "0-1"]
[WhiteElo "1501"]
[BlackElo "1206"]
[PlyCount "138"]
[EventDate "2016.08.18"]

1. e4 e6 2. d4 d5 3. Nc3 c5 4. Nf3 Nf6 5. e5 Nfd7 6. Be3 cxd4 7. Nxd4 Nxe5 8.
Bf4 Ng6 9. Bg3 a6 10. Qd2 Bd6 11. Bxd6 Qxd6 12. O-O-O Qf4 13. Qxf4 Nxf4 14. h4
Nc6 15. h5 e5 16. Nf3 d4 17. Ne4 Ke7 18. g3 Bg4 19. Ned2 Nxh5 20. Re1 f6 21.
Rh4 Bxf3 22. Nxf3 g6 23. Nxd4 Nxd4 24. Rxd4 Ng7 25. f4 Nf5 26. Rb4 b5 27. g4
Nh6 28. fxe5 fxe5 29. Rxe5+ Kd6 30. Re3 Rhe8 31. Rxe8 Rxe8 32. Bg2 Kc5 33. Rf4
Re1+ 34. Kd2 Rg1 35. Bh3 a5 36. a3 Rg3 37. Bf1 Rxg4 38. Rxg4 Nxg4 39. Kc3 b4+
40. axb4+ axb4+ 41. Kd3 Nf2+ 42. Ke2 Ng4 43. Bh3 Ne5 44. Bg2 Nc4 45. b3 Na3 46.
Kd3 Nb1 47. Bh3 Kd5 48. Bg2+ Kc5 49. Be4 Nc3 50. Bg2 Kd6 51. Kc4 Na2 52. Bd5
Ke5 53. Bg8 h5 54. Bf7 Kf5 55. Kd4 h4 56. Ke3 g5 57. Kf3 g4+ 58. Kg2 Kf4 59.
Bc4 Nc3 60. Kf2 Nd1+ 61. Kg1 Ne3 62. Bd3 Kf3 63. Bg6 g3 64. Bh5+ Kf4 65. Be2
Nxc2 66. Bd1 Ne3 67. Be2 h3 68. Kh1 g2+ 69. Kh2 Ng4+ 0-1